Punchline cinéma - Statistiques

Statistiques générales
  • Ce quiz a été pris 371 fois
  • Le résultat moyen est 14 sur 21
Statistiques - réponses
Hint Extra Hint Réponse % Correct
"Vous vous demandez pourquoi le costume rouge? C'est pour que les méchants ne me voient pas saigner. Il y en a un qui a tout compris, il a mis son froc marron." Ryan Reynolds Deadpool
86%
"Vends moi ce stylo." Leonardo DiCaprio Le loup de Wall street
85%
"Aimes-tu les films de gladiateurs?" "Panique dans le cockpit" Y a-t-il un pilote dans l'avion?
80%
"Tou es bella comme la papaya!" "Jaune" Les Minions
79%
“Quel est ton film d'horreur préféré ?” Scream
76%
"Je vois des gens qui sont morts" Sixième sens
76%
“Si j'aurais su, j'aurais pas venu.” La guerre des boutons
75%
"Il nous faudrait un bateau plus gros." Les dents de la mer
75%
“J'adore l'odeur du napalm au petit matin” Apocalypse now
74%
"Et si on ne se revoit pas d'ici là, je vous souhaite une bonne soirée et une excellente nuit." "Big brother" The Truman show
72%
“Arrêtez ! Ou je tire une balle dans la tête à la main !” La tour Montparnasse infernale
64%
“Ta mère suce des queues en enfer !” L'exorciste
60%
“Si je te dis t'es tendue, t'es tendue ! C'est pas à toi de dire je ne suis pas tendue ! Je te dis t'es tendue Natacha c'est tout !” Benoît Poelvorde Dikkenek
59%
"Gamin ! Reviens gamin c'était pour rire !" Benoît Poelvorde C'est arrivé près de chez vous
56%
"Pourquoi c'est moi Mr Pink ?
- Parce que t'es qu'une pédale, voila pourquoi !”
Steve Buscemi Reservoir dogs
55%
“Si vous n’aimez pas la mer… Si vous n’aimez pas la montagne… Si vous n’aimez pas la ville… Allez vous faire foutre !” Jean-Paul Belmondo A bout de souffle
54%
“Insulte-moi en allemand, vas-y” Jean Dujardin 99 francs
53%
"Il ne peut en rester qu'un!" Christophe Lambert Highlander
53%
“Je suis un homme !
- Eh bien... personne n'est parfait”
Film culte en noir et blanc Certains l'aiment chaud
48%
"Il suffit juste de vous regarder pour tout savoir de vous. Vous portez un tricot de peau sous votre chemise, donc vous aimez les concours de fléchettes et vous avez peur des vérandas." Olivier Baroux Mais qui a tué Pamela Rose?
44%
"La deuxième souris, ne renonce pas, elle se débat tant et tant qu'elle finit par transformer la crème en beurre !" Christopher Walken Attrapes-moi si tu peux
40%
Aucun quiz correspondant
Distribution des résultats
% des personnes avec chaque résultat
Percentile par nombre de réponses
Votre historique - résultats
Vous n’avez pas pris ce quiz